000 00558nam a2200193Ia 4500
008 210417s9999 xx 000 0 und d
020 _a9780521884204
020 _b521884209
082 _a599.94 WEL
082 _b2.599.94WEL
245 0 _aevolutionary biology of human body fatness
245 0 _cevolutionary biology of human body fatness
250 _b"xi, 382 p. : ill. ; 24 cm. ; hbk."
260 _aNew York
260 _bCambridge University Press
260 _c2009
700 _a"Wells, Jonathan C.K."
700 _bby Jonathan C.K. Wells
999 _c468134
_d468134